banner-ar

ZDRAVOTNICKY FILM / (Record no. 12577)

MARC details
000 -الفاتح
حقل البيانات ثابتة الطول 00487nam a2200169Ia 4500
008 - عناصر البيانات ثابتة الطول - معلومات عامة
حقل البيانات ثابتة الطول 140319s9999 xx 000 0 aITALIAN d
040 ## - مصدر الفهرسة
وكالة الفهرسة الأصلية GCL /
وكالة النسخ GCL
082 04 - رقم تصنيف ديوى العشرى
رقم التصنيف 791.437
رقم المادة V Z
100 1# - المدخل الرئيسى - إسم شخصى
الإسم الشخصى VSTREDNI USTAV ZDRAVOTNICKE OSVETY
245 10 - بيان العنوان
العنوان ZDRAVOTNICKY FILM /
بيان المسئوليه,etc VSTREDNI USTAV ZDRAVOTNICKE OSVETY
260 ## - PUBLICATION, DISTRIBUTION, ETC. (IMPRINT)
تاريخ النشر أو التوزيع 1964
300 ## - الوصف المادى
التعداد 242 P
650 04 - المدخل الاضافى بالموضوع-مصطلح موضوعى
مصطلح موضوعي FILM GENERS
650 04 - المدخل الاضافى بالموضوع-مصطلح موضوعى
مصطلح موضوعي FILM CRITICISM
942 ## - عناصر المدخل الإضافي( كوها)
مصدر التصنيف او مخطط الترفيف Dewey Decimal Classification
Koha [default] item type كتاب
260 ## - PUBLICATION, DISTRIBUTION, ETC. (IMPRINT)
-- [S.N] :
-- STATNI ZDRAVOTNICKE MAKLDATELSTIVIE ،
Holdings
حالة التراجع حالة الفقد حالة تلف ليس للاعارة المكان المؤقت الموقع الحالى تاريخ الاكتساب اجمالي اﻻعارات رقم الطلب الباركود تاريخ اخر مشاهدة تاريخ تفعيل السعر نوع وعاء كوها
        مكتبة القاهرة الكبرى مكتبة القاهرة الكبرى 03/26/2014   791.437\V Z 24396 03/26/2014 03/26/2014 كتاب

Powered By

EGPV